000 00308nam a22001337a 4500
020 _a81-87057-00-9
082 _a920
_bBHO/A
100 _aBHOLA P.L
245 _aGREAT INDIAN
_bASHOKA- THE GREAT
260 _aGURGAON
_bPRASHANT PUBLICATION
300 _a15
650 _aLIFE OF ASHOKA
_zINDIA
942 _cBK
999 _c5796
_d5796